Playing to win : (Record no. 3754)

MARC details
000 -LEADER
fixed length control field 01118cam a22002774a 4500
005 - DATE AND TIME OF LATEST TRANSACTION
control field 20250826140422.0
020 ## - INTERNATIONAL STANDARD BOOK NUMBER
International Standard Book Number 9780823419265
020 ## - INTERNATIONAL STANDARD BOOK NUMBER
International Standard Book Number 0545496578
040 ## - CATALOGING SOURCE
Original cataloging agency DLC
Transcribing agency DLC
Modifying agency DLC
Language of cataloging eng
050 00 - LIBRARY OF CONGRESS CALL NUMBER
Classification number GV994.G53
Item number 2007
082 00 - DEWEY DECIMAL CLASSIFICATION NUMBER
Classification number 796.342
Edition number 22
100 1# - MAIN ENTRY--PERSONAL NAME
Personal name Deans, Karen
245 10 - TITLE STATEMENT
Title Playing to win :
Remainder of title the story of Althea Gibson /
Statement of responsibility, etc. by Karen Deans ; illustrated by Elbrite Brown.
260 ## - PUBLICATION, DISTRIBUTION, ETC.
Place of publication, distribution, etc. New York :
Name of publisher, distributor, etc. Scholastic ,
Date of publication, distribution, etc. 2007
300 ## - PHYSICAL DESCRIPTION
Extent 32 unnumbered pages :
Other physical details color illustrations ;
Dimensions 24 cm .
505 ## - FORMATTED CONTENTS NOTE
Formatted contents note X <br/>
520 ## - SUMMARY, ETC.
Summary, etc. Growing up in Harlem, Althea Gibson was heading down the wrong path until she found her calling. She went on to become the first African American women to be ranked as the number one woman tennis player in the world.
521 ## - TARGET AUDIENCE NOTE
Target audience note 890 <br/>
Source Lexile <br/>
521 ## - TARGET AUDIENCE NOTE
Target audience note X <br/>
Source Raz-Plus <br/>
650 #0 - SUBJECT ADDED ENTRY--TOPICAL TERM
Topical term or geographic name entry element Tennis players
Geographic subdivision United States
Form subdivision Biography
-- Juvenile literature.
650 #0 - SUBJECT ADDED ENTRY--TOPICAL TERM
Topical term or geographic name entry element African American women tennis players
Form subdivision Biography
-- Juvenile literature.
700 1# - ADDED ENTRY--PERSONAL NAME
Personal name Brown, Elbrite
906 ## - LOCAL DATA ELEMENT F, LDF (RLIN)
a 7
b cbc
c orignew
d 1
e ocip
f 20
g y-gencatlg
942 ## - ADDED ENTRY ELEMENTS (KOHA)
Source of classification or shelving scheme Dewey Decimal Classification
Koha item type Books
Suppress in OPAC No
999 ## -
-- 3754
-- 3754
Holdings
Withdrawn status Lost status Source of classification or shelving scheme Damaged status Not for loan Collection Home library Current library Shelving location Date acquired Total Checkouts Full call number Barcode Date last seen Price effective from Koha item type Copy number
    Dewey Decimal Classification     Non-Fiction Footprints International School Library Network Toul Kork Campus Footprints International School Library Network Toul Kork Campus A TK Campus, 4th Floor, Room B401, Non-Fiction Bookcases(7-8) 03/28/2025   DEA 796.342 GV994.G53 FISTK04994 03/28/2025 03/28/2025 Books 2
    Dewey Decimal Classification     Non-Fiction Footprints International School Library Network Toul Tom Poung Campus Footprints International School Library Network Toul Tom Poung Campus TTP Secondary Non-Fiction Bookshelves 04/29/2024   DEA 796.342 GV994.G53 2024-0591 04/29/2024 04/29/2024 Books  
    Dewey Decimal Classification     Non-Fiction Footprints International School Library Network Toul Tom Poung Campus Footprints International School Library Network Toul Tom Poung Campus TTP Secondary Non-Fiction Bookshelves 08/26/2025   DEA 796.342 GV994.G53 FISSE01306 08/26/2025 08/26/2025 Books 3